000
00240nam a2200097Ia 4500
001
683458
005
20250826161438.0
008
250824s9999 xx 000 0 und d
245
0
_a
MAVİ MADALYON
_c
YILMAZ ERDOĞAN
260
_b
TİMAŞ YAYINLARI
999
_c
683458
_d
683458